| 000 | 01076nam a22002657a 4500 | ||
|---|---|---|---|
| 001 | 71583 | ||
| 003 | BD-RjUL | ||
| 005 | 20211209082131.0 | ||
| 008 | 170506s1988 bg a|||| |||| 00| 0 ben d | ||
| 020 | _c : Tk. 15.00 | ||
| 035 | _a(BD-RjUL)71799 | ||
| 040 |
_aBD-RjUL _bben _cBD-RjUL |
||
| 041 | _aben | ||
| 082 |
_223 _a907.202092 _bCHR 1988 |
||
| 100 | 1 |
_aচৌধুরী, সাইফুদ্দিন _9119393 |
|
| 245 | 1 | 0 |
_aরমাপ্রসাদ চন্দ : _b১৮৭৩-১৯৪২ / _cসাইফুদ্দিন চৌধুরী. |
| 260 |
_aঢাকা : _bবাংলা একাডেমী, _c১৯৮৮. |
||
| 300 |
_a৬৫ পৃ. : _bচিত্র ; _c২২ সেমি. |
||
| 490 | _aজীবনী গ্রন্থমালা | ||
| 600 |
_aচন্দ, রমাপ্রসাদ _d১৮৭৩-১৯৪২ _xজীবনী _9211818 |
||
| 600 |
_aChand, Ramaprasad _d1873-1942 _xBiography _9211819 |
||
| 650 |
_aHistorians _9211816 |
||
| 830 |
_aজীবনী গ্রন্থমালা _9211820 |
||
| 942 |
_2ddc _cBK |
||
| 999 |
_c71583 _d71583 |
||